000 00982nac a22003497a 4500
001 BR0300388
003 BR-BrBNA
005 20240105122733.0
008 230509b bl.|||m| |||| 00| 0 por d
040 _aBR-BrBNA
_bpor
_cBiblioteca Nacional de Agricultura
072 _aF01
090 _a1190 BR0300388
100 1 _aQueiroz, J.A.L. de
100 1 _aMachiutti, S.
110 1 _aEMBRAPA Amapá, AP (Brasil)
_93549
245 1 _aPlantio de açaizeiro
260 3 _aMacapá, AP (Brasil):
_c2001.
300 _a8 p.
490 _aComunicado Técnico - EMBRAPA Amapá (Brazil)
_vno. 55
_xISSN 1517-4077
650 _aPALMEIRA OLEAGINOSA
650 _aPLANTIO DIRETO
650 _aMUDA
650 _aSELEÇÃO
650 _aCOVA
650 _aADUBAÇÃO
650 _aESPAÇAMENTO
650 _aPRODUÇÃO VEGETAL
650 _aPRÉ-EMERGÊNCIA
650 _aCONTROLE DE QUALIDADE
909 _a202312
_bLúcia Elande
_c55
_dLúcia Elande
942 _2AGRIS
_n0
_cMS
999 _c292580
_d292580